Relativistic quantum chemistry : (Record no. 161988)

MARC details
000 -LEADER
fixed length control field 01040cam a2200301 i 4500
001 - CONTROL NUMBER
control field vtls003266946
003 - CONTROL NUMBER IDENTIFIER
control field MY-SjTCS
005 - DATE AND TIME OF LATEST TRANSACTION
control field 20200226120306.0
008 - FIXED-LENGTH DATA ELEMENTS--GENERAL INFORMATION
fixed length control field 150715t20152015gw b 001 0 eng d
020 ## - INTERNATIONAL STANDARD BOOK NUMBER
International Standard Book Number 9783527334155 (hardback)
039 #9 - LEVEL OF BIBLIOGRAPHIC CONTROL AND CODING DETAIL [OBSOLETE]
Level of rules in bibliographic description 201809071241
Level of effort used to assign nonsubject heading access points VLOAD
Level of effort used to assign subject headings 201511171411
Level of effort used to assign classification shuhada
Level of effort used to assign subject headings 201511171410
Level of effort used to assign classification shuhada
-- 201507150919
-- malathy
040 ## - CATALOGING SOURCE
Description conventions rda
082 04 - DEWEY DECIMAL CLASSIFICATION NUMBER
Classification number 541.28
Item number REI 2015
100 1# - MAIN ENTRY--PERSONAL NAME
Personal name Reiher, Markus.
9 (RLIN) 74548
245 10 - TITLE STATEMENT
Title Relativistic quantum chemistry :
Remainder of title the fundamental theory of molecular science /
Statement of responsibility, etc. Markus Reiher, Alexander Wolf.
250 ## - EDITION STATEMENT
Edition statement Second edition.
264 #1 - PRODUCTION, PUBLICATION, DISTRIBUTION, MANUFACTURE, AND COPYRIGHT NOTICE
Place of production, publication, distribution, manufacture Weinheim, Germany :
Name of producer, publisher, distributor, manufacturer Wiley-VCH,
Date of production, publication, distribution, manufacture, or copyright notice [2015]
264 #4 - PRODUCTION, PUBLICATION, DISTRIBUTION, MANUFACTURE, AND COPYRIGHT NOTICE
Date of production, publication, distribution, manufacture, or copyright notice ©2015
300 ## - PHYSICAL DESCRIPTION
Extent xxv, 737 pages ;
Dimensions 25 cm
336 ## - CONTENT TYPE
Content type term text
Source rdacontent
337 ## - MEDIA TYPE
Media type term unmediated
Source rdamedia
338 ## - CARRIER TYPE
Carrier type term volume
Source rdacarrier
504 ## - BIBLIOGRAPHY, ETC. NOTE
Bibliography, etc. note Includes bibliographical references and index.
650 #0 - SUBJECT ADDED ENTRY--TOPICAL TERM
Topical term or geographic name entry element Quantum chemistry.
9 (RLIN) 17294
650 #0 - SUBJECT ADDED ENTRY--TOPICAL TERM
Topical term or geographic name entry element Relativistic quantum theory.
9 (RLIN) 74549
700 1# - ADDED ENTRY--PERSONAL NAME
Personal name Wolf, Alexander,
Titles and other words associated with a name Dr.
9 (RLIN) 75112
920 ## - Programme
Programme ADTP : 220112
Holdings
Withdrawn status Lost status Source of classification or shelving scheme Damaged status Not for loan Home library Current library Date acquired Total Checkouts Barcode Date last seen Copy number Koha item type Public note
    Dewey Decimal Classification     Taylor's Library-TU Taylor's Library-TU 07/10/2015   5000165251 05/12/2019 1 Main Collection SLASx,05000,03,CL